| 000 | 00627nam a2200229Ia 4500 | ||
|---|---|---|---|
| 008 | 180523s9999 xx 000 0 und d | ||
| 020 | _a978-981-4246-08-8 | ||
| 050 | _aMAIN TX 911.3 | ||
| 050 | _b.P4T36 2008 | ||
| 100 | _aTanke, Mary L. | ||
| 245 | 0 | _aHuman resources management for the hospitality industry / | |
| 245 | 0 | _cMary L. Tanke. | |
| 250 | _a2nd Edition | ||
| 260 | _aSingapore : | ||
| 260 | _bThomson Learning, | ||
| 260 | _c2008 | ||
| 300 | _a446 pages : | ||
| 300 | _billustrations ; | ||
| 300 | _c24 cm. | ||
| 500 | _aIncludes index. | ||
| 650 | _aHospitality industry -- Personnel management. | ||
| 999 |
_c357805 _d357805 |
||